UCL 23/24 Final Starting XI - Statistics

General Stats
  • This quiz has been taken 128 times
    126 since last reset
  • The average score is 16 of 22
Answer Stats
Hint Answer % Correct
ST Vinicius Jr.
97%
CAM Bellingham
94%
ST Rodrygo
94%
CB Rüdiger
94%
GK Courtois
93%
RB Carvajal
91%
GK Kobel
91%
CM Kroos
88%
LB Mendy
87%
CM Camavinga
85%
CM Valverde
83%
CB Nacho
71%
RW Adeyemi
67%
CB Schlotterbeck
66%
ST Füllkrug
59%
CB Hummels
56%
LW Sancho
53%
RB Ryerson
52%
CM Can
47%
CM Brandt
44%
LB Maatsen
38%
CM Sabitzer
34%
No matching quizzes found
Score Distribution
Percent of People with Each Score
Percentile by Number Answered
Your Score History
You have not taken this quiz since the last reset